000 00732nam a22002055i 4500
001 156583
003 ES-MaACL
005 20230906210440.0
008 040802s1890 xxk |||| | eng d
040 _aCAM
_bspa
_cCAM
100 1 _aKebbel, Thomas Edward.
_9128437
245 1 0 _aLife of the Earl of Derby, K.G. /
_cby T.E. Kebbell.
260 _aLondon :
_bW.H. Allen & co.,
_c1890.
300 _aXII, 220 p. ;
_c19 cm.
490 1 _aThe Statesmen series / edited by Lloyd C. Sanders
600 1 4 _aStanley, Edward George Geoffrey Smith
_cEarl of Derby-
_xBiografĂ­as.
_9132884
830 0 _aThe Statesmen series / edited by Lloyd C. Sanders
_9188078
852 _aES-MaACL
_jG-10480
_z-- Enc. tela
999 _c156583
_d156583